| 000 | 01707cas a2200421 i 4500 | ||
|---|---|---|---|
| 001 | 200442873 | ||
| 003 | TR-AnTOB | ||
| 005 | 20241125090857.0 | ||
| 007 | ta | ||
| 008 | 861211d19861997dcuar s i0 0eng | ||
| 010 | _a86646901 | ||
| 035 | _a(TR-AnTOB)200442873 | ||
| 040 |
_aDLC _beng _erda _cDLC _dm/c _dHUL _dIUL _dNST _dHUL _dNST _dHUL _dNST _dEEM _dUtOrBLW _dTR-AnTOB |
||
| 041 | 0 | _aeng | |
| 050 | 0 | 0 |
_aHC10 _b.S713 |
| 086 |
_aIMF _aW927e _aS779 |
||
| 090 |
_aTOBBK HC10 _b.S713 |
||
| 245 | 0 | 0 |
_aStaff studies for the World economic outlook / _cby the Research Department of the International Monetary Fund. |
| 264 | 1 |
_aWashington, D.C. : _bThe Fund, _c1986- |
|
| 300 |
_avolumes : _billustrations ; _c28 cm |
||
| 310 |
_aBiennial, _b<1990>-1997. |
||
| 321 |
_aAnnual _b1986- |
||
| 336 |
_atext _btxt _2rdacontent |
||
| 337 |
_aunmediated _bn _2rdamedia |
||
| 338 |
_avolume _bnc _2rdacarrier |
||
| 362 | 0 | _aJuly 1986-Dec. 1997. | |
| 490 | 0 |
_aWorld economic and financial surveys, _x0258-7440. |
|
| 515 | _aNone published 1991-1992. | ||
| 580 | _aCompanion publication to: World economic outlook (International Monetary Fund). | ||
| 650 | 0 |
_aEconomic history _y1971-1990 _vPeriodicals _919050 |
|
| 650 | 0 |
_aEconomic forecasting _vPeriodicals _9107112 |
|
| 710 | 2 |
_aInternational Monetary Fund. _bResearch Department _9132065 |
|
| 785 | 0 | 0 |
_tWorld economic outlook (International Monetary Fund). Supporting studies _w(DLC) 2001260229 _w(OCoLC)46873613. |
| 787 | 0 |
_tWorld economic outlook (International Monetary Fund). World economic outlook _x0256-6877 _w(OCoLC)7621785 _w(DLC) 84640155. |
|
| 942 |
_2z _cCR |
||
| 999 |
_c200442873 _d61085 |
||